| 000 | 01253namaa2200301 i 4500 | ||
|---|---|---|---|
| 001 | 177618 | ||
| 003 | ES-MaACL | ||
| 005 | 20250726075519.0 | ||
| 008 | 110406s1869 fr | |||| ||fre d | ||
| 040 |
_aSpMaBN _bspa _cSpMaBN _erdc |
||
| 080 | _a81'44 | ||
| 080 | _a811.1/.2 | ||
| 100 | 1 |
_aMüller, Friedrich Max. _984122 |
|
| 245 | 1 | 3 |
_aLa stratification du langage / _cpar Max Muller ; [traduit par M. Havet]. La chronologie dans la formation des langues indo-européennes / par G. Curtius ; [traduit par M. Bergaigne]. |
| 260 |
_aParis : _bA. Franck, _c1869. |
||
| 300 |
_aVII, 117 p. ; _c25 cm. |
||
| 490 | 1 |
_aBibliothéque de l'école des hautes études. Sciences philologiques et historiques ; _vfasc. 1 |
|
| 500 | _aCon portada propia cada parte. | ||
| 650 | 4 |
_aLenguas- _xClasificación. _914354 |
|
| 650 | 0 | 4 |
_aLenguas indoeuropeas- _vHistoria. _914361 |
| 700 | 1 |
_aHavet, Louis. _9127818 |
|
| 700 | 0 |
_aCurtius, Georg. _942252 |
|
| 700 | 0 |
_aBergaigne, Abel. _927922 |
|
| 740 | 3 | _aLa chronologie dans la formation des langues indo-européennes. | |
| 830 | 0 | 0 |
_aBibliothèque de l'École des Hautes Études. Sciences historiques et philologiques _vfasc. 1 _9229685 |
| 852 |
_aES-MaACL _jC-7544 |
||
| 999 |
_c177618 _d177618 |
||